Living the promise (Record no. 16546)

MARC details
000 -LEADER
fixed length control field 00592nam a22001937a 4500
003 - CONTROL NUMBER IDENTIFIER
control field OSt
005 - DATE AND TIME OF LATEST TRANSACTION
control field 20171006113526.0
008 - FIXED-LENGTH DATA ELEMENTS--GENERAL INFORMATION
fixed length control field 171006b xxu||||| |||| 00| 0 eng d
020 ## - INTERNATIONAL STANDARD BOOK NUMBER
International Standard Book Number 9789966496610
040 ## - CATALOGING SOURCE
Original cataloging agency KABU
Transcribing agency KABU
050 ## - LIBRARY OF CONGRESS CALL NUMBER
Classification number BV1547
Item number .L58 2005 Bk4
245 ## - TITLE STATEMENT
Title Living the promise
Remainder of title CRE form 4 : student's book four /
Statement of responsibility, etc. Alice Gunyali ... [et al.]
246 ## - VARYING FORM OF TITLE
Title proper/short title CRE form 4
260 ## - PUBLICATION, DISTRIBUTION, ETC. (IMPRINT)
Place of publication, distribution, etc. Nairobi
Name of publisher, distributor, etc. Longhorn
Date of publication, distribution, etc. 2005
300 ## - PHYSICAL DESCRIPTION
Extent iv, 227 p.
650 ## - SUBJECT ADDED ENTRY--TOPICAL TERM
Topical term or geographic name as entry element Christian religious education
700 ## - ADDED ENTRY--PERSONAL NAME
Personal name Gunyali, Alice
942 ## - ADDED ENTRY ELEMENTS (KOHA)
Source of classification or shelving scheme Library of Congress Classification
Koha item type General Collection
Classification part BV1547
Item part .L58 2005 Bk4
Holdings
Withdrawn status Lost status Source of classification or shelving scheme Not for loan Home library Current library Shelving location Date acquired Cost, normal purchase price Inventory number Total Checkouts Full call number Barcode Date last seen Date last checked out Copy number Price effective from Koha item type
    Library of Congress Classification   Kabarak, Main Campus Kabarak, Main Campus Reserve Collection 06/10/2017 510.00 2017/0307 8 BV1547 .L58 2005 Bk4 c.1 027690 03/02/2020 03/02/2020 c.1 06/10/2017 Reserve Collection
Designed with assistance from East African Informatics Ltd